000 00750nam a2200205Ii 4500
003 JO-AjNU
008 230605s9999||||xx |||||||||||||| ||und||
040 _aJO-AjNU
_bara
_erda
_cJO-AjNU
041 _aara
050 1 4 _aHF5686.K34 2012
100 3 _aالكحلي، يس عباس,
_eauthor
_951209
245 0 0 _aمحاسبة الفنادق = Financial Accounting For the Hospiality Industry
250 _aط1
264 3 1 _aعمان: دار زهران للنشر والتوزيع، 2012
300 _a83ص باللغة العربية و140ص باللغة الانجليزية
336 _atext
_btxt
_2rdacontent
337 _aunmediated
_bn
_2rdamedia
338 _avolume
_bnc
_2rdacarrier
650 4 _aالفنادق - محاسبة
_951210
999 _aA22605
_c26173
_d26173